| 000 | 00352nam a2200145Ia 4500 | ||
|---|---|---|---|
| 008 | 230312s9999||||xx |||||||||||||| ||und|| | ||
| 020 | _a0-534-55161-0 | ||
| 082 |
_a621.395 _bLEE-A |
||
| 100 | _aLee;Sunggu | ||
| 245 | 0 | _aAdvanced Digital logic design | |
| 260 |
_bLEE _aChina _c2006 |
||
| 300 | _a462 | ||
| 650 |
_aEngineering _vAvionics |
||
| 942 | _cBK | ||
| 999 |
_c12415 _d12415 |
||